000
00460nam a22001337a 4500
003
SGT
020
_a
9788192922188
082
_a
891.4309
_b
I14P
100
_a
पाण्डेय, विमल चंद्र
245
_a
ई ईलाहाबाद है भईया : एक साहित्यिक के असहित्यिक संस्मरण
260
_b
दखल प्रकाशन
_c
2014
300
_a
143
942
_2
ddc
_c
BK
999
_c
31081
_d
31081